[Event "Kingston Invitational Masters"]
[Site "Kingston University"]
[Date "2023.07.24"]
[Round "1.1"]
[White "Murphy, Conor E"]
[Black "Muir, Andrew J"]
[Result "1/2-1/2"]
[WhiteElo "2452"]
[BlackElo "2225"]
[PlyCount "52"]
[EventDate "2023.07.24"]
[EventType "tourn"]
[EventRounds "9"]
[EventCountry "ENG"]
[SourceTitle "BritBase"]
[Source "John Saunders"]
[SourceDate "2023.07.31"]
[SourceVersion "1"]
[SourceVersionDate "2023.07.31"]
[SourceQuality "1"]

1. e4 c5 2. Nf3 Nc6 3. d4 cxd4 4. Nxd4 Nf6 5. Nc3 d6 6. Bg5 e6 7. Qd2 Be7 8.
O-O-O O-O 9. h4 a6 10. Nxc6 bxc6 11. Rh3 e5 12. Rd3 Be6 13. Bxf6 gxf6 14. f4
Kh8 15. f5 Bc4 16. Rf3 Bxf1 17. Rfxf1 Rg8 18. Qe2 Rg3 19. Rf3 Rg4 20. g3 Qb6
21. Rdd3 Rag8 22. a3 Qg1+ 23. Rf1 Qc5 24. Rff3 Qg1+ 25. Rd1 Qb6 26. Rdd3 Qg1+
1/2-1/2

[Event "Kingston Invitational Masters"]
[Site "Kingston University"]
[Date "2023.07.24"]
[Round "1.2"]
[White "Buckley, Graeme N"]
[Black "Bezuidenhout, Roland"]
[Result "1-0"]
[WhiteElo "2345"]
[BlackElo "2217"]
[PlyCount "137"]
[EventDate "2023.07.24"]
[EventType "tourn"]
[EventRounds "9"]
[EventCountry "ENG"]
[SourceTitle "BritBase"]
[Source "John Saunders"]
[SourceDate "2023.07.31"]
[SourceVersion "1"]
[SourceVersionDate "2023.07.31"]
[SourceQuality "1"]

1. e4 e6 2. d4 d5 3. e5 c5 4. c3 Nc6 5. Nf3 Qb6 6. a3 c4 7. Nbd2 Na5 8. g3 Bd7
9. h4 O-O-O 10. Bh3 Kb8 11. O-O h6 12. Re1 Ne7 13. Rb1 Qc7 14. h5 Nc8 15. Nh4
Be7 16. Ng2 Nb6 17. Nf1 Rdg8 18. Nh2 a6 19. Be3 Ka7 20. Qe2 Qd8 21. Ng4 Qf8 22.
Kh2 Nb3 23. f4 g6 24. Nf6 Bxf6 25. exf6 Nc8 26. f5 gxf5 27. Bf4 Nd6 28. Bxd6
Qxd6 29. Nf4 Rg5 30. Qe3 Rhg8 31. Rg1 b5 32. Bf1 Kb7 33. Be2 Rh8 34. Bd1 Na5
35. Rg2 Kc7 36. Be2 Bc6 37. Nh3 Rgg8 38. Ng1 Be8 39. Qf2 Kc8 40. Bd1 Qd8 41. a4
bxa4 42. Ra1 Qxf6 43. Bxa4 Bxa4 44. Rxa4 Nc6 45. b3 Qg5 46. bxc4 Qxh5+ 47. Nh3
Rg5 48. Qf4 e5 49. dxe5 Re8 50. e6 Ne5 51. Qxe5 Qxh3+ 52. Kg1 Rxe6 53. Qh8+ Kc7
54. cxd5 Re1+ 55. Kf2 Re2+ 56. Kxe2 Qxg2+ 57. Kd1 Qxd5+ 58. Rd4 Qb3+ 59. Ke2
Qc2+ 60. Rd2 Qe4+ 61. Kf2 Qe7 62. Qd4 Qe6 63. Qa7+ Kc6 64. Qxa6+ Kc7 65. Qa7+
Kc6 66. Qa8+ Kc5 67. Qa5+ Kc6 68. Rb2 Qc8 69. Rb6+ 1-0

[Event "Kingston Invitational Masters"]
[Site "Kingston University"]
[Date "2023.07.24"]
[Round "1.3"]
[White "Large, Peter G"]
[Black "Baker, Chris W"]
[Result "1/2-1/2"]
[WhiteElo "2235"]
[BlackElo "2254"]
[PlyCount "104"]
[EventDate "2023.07.24"]
[EventType "tourn"]
[EventRounds "9"]
[EventCountry "ENG"]
[SourceTitle "BritBase"]
[Source "John Saunders"]
[SourceDate "2023.07.31"]
[SourceVersion "1"]
[SourceVersionDate "2023.07.31"]
[SourceQuality "1"]

1. e4 e5 2. Nf3 Nc6 3. Bb5 a6 4. Bxc6 dxc6 5. O-O Qf6 6. d4 exd4 7. Bg5 Qg6 8.
Qxd4 Be6 9. Nc3 Bd6 10. Rfe1 f6 11. e5 fxg5 12. exd6 O-O-O 13. Rxe6 Qxe6 14.
Qxg7 Qxd6 15. Qxh8 g4 16. Ne1 Qe7 17. Ne4 Qxe4 18. Qc3 Ne7 19. Nd3 Nd5 20. Qd2
b6 21. Re1 Qd4 22. Qe2 Kb7 23. Qe4 Nb4 24. Qxd4 Rxd4 25. Nxb4 Rxb4 26. b3 Rd4
27. Kf1 Rd2 28. Rc1 c5 29. Ke1 Rd5 30. Ke2 c4 31. bxc4 Rd4 32. c5 b5 33. c4
Rxc4 34. Rxc4 bxc4 35. Ke3 Kc6 36. Kd4 c3 37. Kxc3 Kxc5 38. f4 gxf3 39. gxf3
Kd5 40. Kb4 Kd4 41. f4 c5+ 42. Kb3 Kd3 43. f5 c4+ 44. Ka4 c3 45. f6 c2 46. f7
c1=Q 47. f8=Q Qc2+ 48. Ka3 Qc3+ 49. Ka4 Qc4+ 50. Ka3 Qc3+ 51. Ka4 Qc4+ 52. Ka3
Qc3+ 1/2-1/2

[Event "Kingston Invitational Masters"]
[Site "Kingston University"]
[Date "2023.07.24"]
[Round "1.4"]
[White "Maycock Bates, David Henry"]
[Black "Lalic, Peter D"]
[Result "1-0"]
[WhiteElo "2243"]
[BlackElo "2103"]
[PlyCount "49"]
[EventDate "2023.07.24"]
[EventType "tourn"]
[EventRounds "9"]
[EventCountry "ENG"]
[SourceTitle "BritBase"]
[Source "John Saunders"]
[SourceDate "2023.07.31"]
[SourceVersion "1"]
[SourceVersionDate "2023.07.31"]
[SourceQuality "1"]

1. e4 d5 2. exd5 c6 3. dxc6 Nxc6 4. Nc3 Nf6 5. Nf3 e5 6. Bb5 Bd6 7. d4 e4 8.
Nd2 O-O 9. Nb3 Ng4 10. Be2 Qh4 11. g3 Qh3 12. Nxe4 Bb4+ 13. c3 Re8 14. f3 Qg2
15. Rf1 Nxh2 16. Rf2 Nxf3+ 17. Bxf3 Qxg3 18. Qe2 Qg1+ 19. Rf1 Qg6 20. Nf6+ Qxf6
21. Qxe8+ Bf8 22. Bxc6 Qxf1+ 23. Kxf1 Bh3+ 24. Kf2 Rxe8 25. Bxe8 1-0

[Event "Kingston Invitational Masters"]
[Site "Kingston University"]
[Date "2023.07.24"]
[Round "1.5"]
[White "Li, Vladimir"]
[Black "Ratnesan, Ranesh"]
[Result "1-0"]
[WhiteElo "2294"]
[BlackElo "2216"]
[PlyCount "61"]
[EventDate "2023.07.24"]
[EventType "tourn"]
[EventRounds "9"]
[EventCountry "ENG"]
[SourceTitle "BritBase"]
[Source "John Saunders"]
[SourceDate "2023.07.31"]
[SourceVersion "1"]
[SourceVersionDate "2023.07.31"]
[SourceQuality "1"]

1. e4 c5 2. c3 d5 3. exd5 Qxd5 4. d4 cxd4 5. cxd4 Nc6 6. Nf3 e5 7. Nc3 Bb4 8.
Bd2 Bxc3 9. Bxc3 e4 10. Ne5 Nxe5 11. dxe5 Ne7 12. Be2 O-O 13. Qa4 Bf5 14. Rd1
Qc6 15. Qxc6 Nxc6 16. Kd2 Rfe8 17. Ke3 g5 18. h4 Nxe5 19. Rd5 f6 20. hxg5 Be6
21. Rb5 Rab8 22. gxf6 Ng6 23. Rbh5 Nf8 24. Rg5+ Ng6 25. Bb5 Red8 26. Rh4 Bd5
27. Rxd5 Nxh4 28. Rxd8+ Rxd8 29. Bc4+ Kf8 30. Bb4+ Ke8 31. f7+ 1-0

[Event "Kingston Invitational Masters"]
[Site "Kingston University"]
[Date "2023.07.25"]
[Round "2.1"]
[White "Muir, Andrew J"]
[Black "Ratnesan, Ranesh"]
[Result "1/2-1/2"]
[WhiteElo "2225"]
[BlackElo "2216"]
[PlyCount "121"]
[EventDate "2023.07.24"]
[EventType "tourn"]
[EventRounds "9"]
[EventCountry "ENG"]
[SourceTitle "BritBase"]
[Source "John Saunders"]
[SourceDate "2023.07.31"]
[SourceVersion "1"]
[SourceVersionDate "2023.07.31"]
[SourceQuality "1"]

1. d4 d5 2. c4 e6 3. Nc3 Nf6 4. cxd5 exd5 5. Bg5 c6 6. e3 Be7 7. Bd3 Nbd7 8.
Qc2 h6 9. Bh4 Nh5 10. Bxe7 Qxe7 11. Nge2 Nb6 12. O-O-O Bd7 13. h3 O-O-O 14. g4
Nf6 15. Ng3 g6 16. a4 Qb4 17. b3 Kb8 18. Na2 Qa3+ 19. Kb1 h5 20. f3 Rc8 21. Qb2
Qd6 22. Qf2 c5 23. dxc5 Rxc5 24. Ne2 Rhc8 25. Rc1 Re8 26. Nd4 Rxc1+ 27. Rxc1
Qe5 28. Re1 Nc8 29. Nc3 hxg4 30. hxg4 g5 31. Re2 a6 32. Kc2 Qc7 33. Kb2 Ne7 34.
Qh2 Qxh2 35. Rxh2 Nc6 36. Nc2 Be6 37. Rh6 Nd7 38. Rh5 Nde5 39. Be2 f6 40. Rh6
Rf8 41. Kc1 Kc7 42. Kd2 Kd6 43. Nd1 Ke7 44. Nf2 Rd8 45. Rh7+ Nf7 46. Nd3 a5 47.
Nc5 Bc8 48. Bb5 Rh8 49. Rxh8 Nxh8 50. Bxc6 bxc6 51. Kc3 Kd6 52. b4 Ng6 53. Nd3
axb4+ 54. Kxb4 Ne5 55. Nce1 Ba6 56. Nc5 Be2 57. a5 Kc7 58. Ne6+ Kd6 59. Nc5 Kc7
60. Ne6+ Kd6 61. Nc5 1/2-1/2

[Event "Kingston Invitational Masters"]
[Site "Kingston University"]
[Date "2023.07.25"]
[Round "2.3"]
[White "Baker, Chris W"]
[Black "Maycock Bates, David Henry"]
[Result "1/2-1/2"]
[WhiteElo "2254"]
[BlackElo "2243"]
[PlyCount "120"]
[EventDate "2023.07.24"]
[EventType "tourn"]
[EventRounds "9"]
[EventCountry "ENG"]
[SourceTitle "BritBase"]
[Source "John Saunders"]
[SourceDate "2023.07.31"]
[SourceVersion "1"]
[SourceVersionDate "2023.07.31"]
[SourceQuality "1"]

1. e4 e5 2. Nf3 Nc6 3. Bb5 a6 4. Ba4 Nf6 5. O-O Be7 6. d4 exd4 7. e5 Ne4 8.
Nxd4 Nc5 9. Nf5 O-O 10. Qg4 g6 11. Bxc6 dxc6 12. Nxe7+ Qxe7 13. Qg3 Re8 14. Nc3
Bf5 15. Bg5 Qxe5 16. Bf4 Qe7 17. Bxc7 Ne6 18. Bd6 Qg5 19. Qxg5 Nxg5 20. Rac1
Rad8 21. Bf4 Ne6 22. Be3 Nd4 23. Bg5 Rd6 24. Rfe1 Rde6 25. Rxe6 Rxe6 26. h3 f6
27. Bh6 g5 28. Rd1 Rd6 29. h4 Bxc2 30. Re1 Re6 31. Rc1 b5 32. a3 a5 33. b4 c5
34. Kh2 cxb4 35. axb4 Rc6 36. Nd5 Kf7 37. bxa5 Be4 38. Rd1 Ne6 39. hxg5 fxg5
40. f3 Bxd5 41. Rxd5 Kg6 42. Bxg5 Nxg5 43. Rxb5 Rc2 44. Kg3 Ra2 45. Re5 Kf6 46.
Rb5 Ne6 47. Rd5 Rxg2+ 48. Kxg2 Nf4+ 49. Kg3 Nxd5 50. a6 Kg5 51. f4+ Kh5 52. a7
Nc7 53. Kf3 Na8 54. Ke4 Kg6 55. Kd5 h5 56. f5+ Kxf5 57. Kc6 h4 58. Kb7 h3 59.
Kxa8 h2 60. Kb8 h1=B 1/2-1/2

[Event "Kingston Invitational Masters"]
[Site "Kingston University"]
[Date "2023.07.25"]
[Round "2.4"]
[White "Bezuidenhout, Roland"]
[Black "Large, Peter G"]
[Result "1/2-1/2"]
[WhiteElo "2217"]
[BlackElo "2235"]
[PlyCount "54"]
[EventDate "2023.07.24"]
[EventType "tourn"]
[EventRounds "9"]
[EventCountry "ENG"]
[SourceTitle "BritBase"]
[Source "John Saunders"]
[SourceDate "2023.07.31"]
[SourceVersion "1"]
[SourceVersionDate "2023.07.31"]
[SourceQuality "1"]

1. c4 e6 2. g3 Nf6 3. Bg2 d5 4. Nf3 dxc4 5. Qa4+ Nbd7 6. Qxc4 a6 7. Qc2 c5 8.
Nc3 Be7 9. O-O O-O 10. Rd1 Qc7 11. d4 b5 12. Bf4 Qb6 13. Ne5 Bb7 14. Nxd7 Nxd7
15. d5 exd5 16. Nxd5 Bxd5 17. Bxd5 Rad8 18. a4 c4 19. axb5 axb5 20. b3 cxb3 21.
Qxb3 Bc5 22. Qf3 Nf6 23. Bb3 Rxd1+ 24. Rxd1 Re8 25. Kg2 h6 26. Bc1 Bd4 27. h3
b4 1/2-1/2

[Event "Kingston Invitational Masters"]
[Site "Kingston University"]
[Date "2023.07.25"]
[Round "2.5"]
[White "Murphy, Conor E"]
[Black "Buckley, Graeme N"]
[Result "1-0"]
[WhiteElo "2452"]
[BlackElo "2345"]
[PlyCount "91"]
[EventDate "2023.07.24"]
[EventType "tourn"]
[EventRounds "9"]
[EventCountry "ENG"]
[SourceTitle "BritBase"]
[Source "John Saunders"]
[SourceDate "2023.07.31"]
[SourceVersion "1"]
[SourceVersionDate "2023.07.31"]
[SourceQuality "1"]

1. e4 c5 2. Nf3 Nc6 3. Bb5 g6 4. O-O Bg7 5. c3 Nf6 6. Re1 O-O 7. d4 d5 8. e5
Ne4 9. Be3 cxd4 10. cxd4 Qb6 11. Qe2 Bf5 12. h3 Rac8 13. Nc3 Nb4 14. g4 Be6 15.
Rec1 f5 16. exf6 Rxf6 17. Ne5 Rcf8 18. f3 Nd6 19. Bd7 Nf7 20. a3 Nc6 21. Nb5 a6
22. Nxc6 Bxd7 23. Nxe7+ Kh8 24. Nc7 Qd6 25. Nexd5 Qg3+ 26. Qg2 Qxf3 27. Rf1
Qxg2+ 28. Kxg2 Bc6 29. Rxf6 Bxf6 30. Kg3 Nd8 31. Nxf6 Rxf6 32. d5 Rf7 33. dxc6
Rxc7 34. Bb6 Rc8 35. c7 Nc6 36. Rd1 Kg7 37. Rd8 Ne7 38. Kf4 Kf6 39. Ke4 g5 40.
b4 Ke6 41. a4 Kf6 42. b5 axb5 43. axb5 Ke6 44. Ba5 Kf6 45. b6 Ke6 46. Bb4 1-0

[Event "Kingston Invitational Masters"]
[Site "Kingston University"]
[Date "2023.07.25"]
[Round "3.1"]
[White "Buckley, Graeme N"]
[Black "Muir, Andrew J"]
[Result "1-0"]
[WhiteElo "2345"]
[BlackElo "2225"]
[PlyCount "67"]
[EventDate "2023.07.24"]
[EventType "tourn"]
[EventRounds "9"]
[EventCountry "ENG"]
[SourceTitle "BritBase"]
[Source "John Saunders"]
[SourceDate "2023.07.31"]
[SourceVersion "1"]
[SourceVersionDate "2023.07.31"]
[SourceQuality "1"]

1. e4 c5 2. Nf3 Nc6 3. Bb5 g6 4. O-O Bg7 5. Re1 e5 6. Bxc6 dxc6 7. d3 Qc7 8.
Nbd2 Nf6 9. a3 a5 10. a4 O-O 11. Nc4 Nd7 12. Bd2 b6 13. Qc1 Ba6 14. b3 Bxc4 15.
bxc4 Rfe8 16. Rb1 Nf8 17. Rb3 Ne6 18. Qb2 Ra6 19. Rb1 Rb8 20. g3 Rb7 21. Qc1
Ra8 22. Qf1 Ra6 23. h4 h5 24. Qh3 Qe7 25. Kh2 Qf6 26. Kg2 Qe7 27. Be3 Rb8 28.
Ng5 Nxg5 29. hxg5 Bf8 30. f4 exf4 31. Bxf4 Rb7 32. Qc8 Qd7 33. Qxd7 Rxd7 34.
Rxb6 1-0

[Event "Kingston Invitational Masters"]
[Site "Kingston University"]
[Date "2023.07.25"]
[Round "3.2"]
[White "Large, Peter G"]
[Black "Murphy, Conor E"]
[Result "0-1"]
[WhiteElo "2235"]
[BlackElo "2452"]
[PlyCount "78"]
[EventDate "2023.07.24"]
[EventType "tourn"]
[EventRounds "9"]
[EventCountry "ENG"]
[SourceTitle "BritBase"]
[Source "John Saunders"]
[SourceDate "2023.07.31"]
[SourceVersion "1"]
[SourceVersionDate "2023.07.31"]
[SourceQuality "1"]

1. e4 e5 2. Nf3 Nc6 3. Bb5 a6 4. Bxc6 dxc6 5. O-O Bd6 6. d4 exd4 7. Qxd4 f6 8.
Be3 Ne7 9. Nbd2 Be6 10. Rad1 Ng6 11. Nc4 Bxc4 12. Qxc4 Qe7 13. Rfe1 O-O-O 14.
c3 Rhe8 15. Bc1 Ne5 16. Nxe5 Qxe5 17. g3 Qh5 18. Kg2 Rd7 19. Qd4 Kb8 20. Be3 b6
21. Qa4 Kb7 22. f3 Red8 23. Qc2 g5 24. a4 g4 25. f4 Re8 26. Bd4 Qg6 27. f5 Qf7
28. a5 Be5 29. axb6 cxb6 30. Qa4 Red8 31. Ra1 a5 32. Bxb6 Rd2+ 33. Bf2 Bc7 34.
Kg1 Rxf2 35. Kxf2 Qh5 36. Rh1 Qg5 37. Rhd1 Bb6+ 38. Kg2 Qe3 39. Rxd8 Qf3# 0-1

[Event "Kingston Invitational Masters"]
[Site "Kingston University"]
[Date "2023.07.25"]
[Round "3.3"]
[White "Maycock Bates, David Henry"]
[Black "Bezuidenhout, Roland"]
[Result "0-1"]
[WhiteElo "2243"]
[BlackElo "2217"]
[PlyCount "106"]
[EventDate "2023.07.24"]
[EventType "tourn"]
[EventRounds "9"]
[EventCountry "ENG"]
[SourceTitle "BritBase"]
[Source "John Saunders"]
[SourceDate "2023.07.31"]
[SourceVersion "1"]
[SourceVersionDate "2023.07.31"]
[SourceQuality "1"]

1. e4 e6 2. d4 d5 3. Nc3 Bb4 4. e5 b6 5. a3 Bf8 6. Nf3 Qd7 7. b4 Ne7 8. b5 a6
9. Rb1 Nf5 10. a4 Qd8 11. Bd3 axb5 12. axb5 Be7 13. g4 Nh4 14. Nxh4 Bxh4 15.
O-O Be7 16. Ne2 h5 17. h3 hxg4 18. hxg4 Nd7 19. Kg2 Nf8 20. Rh1 Rxh1 21. Qxh1
Qd7 22. Qh8 g6 23. Nf4 Bb7 24. Nxg6 fxg6 25. Bxg6+ Kd8 26. Bg5 Kc8 27. Rh1 Bxg5
28. Qxf8+ Qd8 29. Qg7 Qe7 30. Bf7 Kb8 31. Rh5 Bd2 32. Rh7 Ka7 33. Bg8 Qxg7 34.
Rxg7 Re8 35. Kg3 Bc3 36. f4 Bxd4 37. g5 Bc5 38. Bh7 Kb8 39. g6 d4 40. Rg8 Rxg8
41. Bxg8 Bf8 42. Bxe6 Be4 43. Bf7 Kc8 44. Kg4 Bxc2 45. f5 d3 46. Bc4 d2 47. Be2
Kd7 48. Kg5 d1=Q 49. Bxd1 Bxd1 50. Kf6 Bc2 51. Kg5 Ke7 52. Kf4 Bg7 53. e6 Kf6
0-1

[Event "Kingston Invitational Masters"]
[Site "Kingston University"]
[Date "2023.07.25"]
[Round "3.4"]
[White "Li, Vladimir"]
[Black "Baker, Chris W"]
[Result "1/2-1/2"]
[WhiteElo "2294"]
[BlackElo "2254"]
[PlyCount "28"]
[EventDate "2023.07.24"]
[EventType "tourn"]
[EventRounds "9"]
[EventCountry "ENG"]
[SourceTitle "BritBase"]
[Source "John Saunders"]
[SourceDate "2023.07.31"]
[SourceVersion "1"]
[SourceVersionDate "2023.07.31"]
[SourceQuality "1"]

1. e4 Nc6 2. Nf3 d6 3. d4 Nf6 4. Nc3 g6 5. Bb5 a6 6. Bxc6+ bxc6 7. O-O Bg7 8.
h3 O-O 9. Be3 Rb8 10. b3 Bb7 11. Qd3 a5 12. Rad1 Ra8 13. Rfe1 Nd7 14. Qd2 c5
1/2-1/2

[Event "Kingston Invitational Masters"]
[Site "Kingston University"]
[Date "2023.07.25"]
[Round "3.5"]
[White "Ratnesan, Ranesh"]
[Black "Lalic, Peter D"]
[Result "1/2-1/2"]
[WhiteElo "2216"]
[BlackElo "2103"]
[PlyCount "77"]
[EventDate "2023.07.24"]
[EventType "tourn"]
[EventRounds "9"]
[EventCountry "ENG"]
[SourceTitle "BritBase"]
[Source "John Saunders"]
[SourceDate "2023.07.31"]
[SourceVersion "1"]
[SourceVersionDate "2023.07.31"]
[SourceQuality "1"]

1. d4 d5 2. Nf3 Nf6 3. c4 c6 4. e3 a6 5. a4 Bf5 6. Nc3 e6 7. Qb3 Qc7 8. Nh4 Bg6
9. Nxg6 hxg6 10. g3 Nbd7 11. Bg2 Qb6 12. Qxb6 Nxb6 13. cxd5 cxd5 14. b3 Bb4 15.
Bd2 Rc8 16. Nd1 a5 17. Bxb4 axb4 18. a5 Ra8 19. Nb2 Ke7 20. Kd2 Nc8 21. Nd3 Nd6
22. f3 g5 23. g4 Ra7 24. Ra4 b5 25. Ra2 Nc4+ 26. bxc4 b3 27. Ra3 bxc4 28. Nc5
Nd7 29. Nxd7 Kxd7 30. Kc3 Kc6 31. h3 Rha8 32. Rha1 g6 33. Bf1 f5 34. Ra4 Rb8
35. Bxc4 dxc4 36. Rxc4+ Kd6 37. Rb4 b2 38. Rb1 Rc8+ 39. Kxb2 1/2-1/2

[Event "Kingston Invitational Masters"]
[Site "Kingston University"]
[Date "2023.07.26"]
[Round "4.1"]
[White "Muir, Andrew J"]
[Black "Lalic, Peter D"]
[Result "1/2-1/2"]
[WhiteElo "2225"]
[BlackElo "2103"]
[PlyCount "22"]
[EventDate "2023.07.24"]
[EventType "tourn"]
[EventRounds "9"]
[EventCountry "ENG"]
[SourceTitle "BritBase"]
[Source "John Saunders"]
[SourceDate "2023.07.31"]
[SourceVersion "1"]
[SourceVersionDate "2023.07.31"]
[SourceQuality "1"]

1. d4 d5 2. Nf3 c6 3. c4 a6 4. g3 Nf6 5. Bg2 g6 6. O-O Bg7 7. Nc3 dxc4 8. Ne5
Be6 9. e4 Nbd7 10. Nxd7 Qxd7 11. Na4 Rd8 1/2-1/2

[Event "Kingston Invitational Masters"]
[Site "Kingston University"]
[Date "2023.07.26"]
[Round "4.2"]
[White "Baker, Chris W"]
[Black "Ratnesan, Ranesh"]
[Result "1/2-1/2"]
[WhiteElo "2254"]
[BlackElo "2216"]
[PlyCount "33"]
[EventDate "2023.07.24"]
[EventType "tourn"]
[EventRounds "9"]
[EventCountry "ENG"]
[SourceTitle "BritBase"]
[Source "John Saunders"]
[SourceDate "2023.07.31"]
[SourceVersion "1"]
[SourceVersionDate "2023.07.31"]
[SourceQuality "1"]

1. Nf3 d5 2. b3 Nf6 3. Bb2 Bf5 4. e3 e6 5. c4 Be7 6. cxd5 exd5 7. Be2 O-O 8.
O-O h6 9. d3 c6 10. a3 a5 11. Nbd2 Re8 12. Qc2 Bd6 13. Rfe1 Nbd7 14. Bf1 Qc7
15. Rac1 Bg6 16. g3 Ne5 17. Nxe5 1/2-1/2

[Event "Kingston Invitational Masters"]
[Site "Kingston University"]
[Date "2023.07.26"]
[Round "4.3"]
[White "Bezuidenhout, Roland"]
[Black "Li, Vladimir"]
[Result "1/2-1/2"]
[WhiteElo "2217"]
[BlackElo "2294"]
[PlyCount "34"]
[EventDate "2023.07.24"]
[EventType "tourn"]
[EventRounds "9"]
[EventCountry "ENG"]
[SourceTitle "BritBase"]
[Source "John Saunders"]
[SourceDate "2023.07.31"]
[SourceVersion "1"]
[SourceVersionDate "2023.07.31"]
[SourceQuality "1"]

1. c4 e5 2. g3 Be7 3. Bg2 f5 4. d4 d6 5. Nc3 Nf6 6. dxe5 dxe5 7. Qxd8+ Bxd8 8.
b3 c6 9. e4 Na6 10. Nf3 fxe4 11. Ng5 Ba5 12. Bd2 e3 13. fxe3 Bf5 14. a3 Nc5 15.
b4 h6 16. e4 Bg6 17. Nf3 Nb3 1/2-1/2

[Event "Kingston Invitational Masters"]
[Site "Kingston University"]
[Date "2023.07.26"]
[Round "4.4"]
[White "Murphy, Conor E"]
[Black "Maycock Bates, David Henry"]
[Result "1-0"]
[WhiteElo "2452"]
[BlackElo "2243"]
[PlyCount "167"]
[EventDate "2023.07.24"]
[EventType "tourn"]
[EventRounds "9"]
[EventCountry "ENG"]
[SourceTitle "BritBase"]
[Source "John Saunders"]
[SourceDate "2023.07.31"]
[SourceVersion "1"]
[SourceVersionDate "2023.07.31"]
[SourceQuality "1"]

1. e4 e5 2. Nf3 Nc6 3. Bc4 Bc5 4. c3 Nf6 5. d3 O-O 6. O-O d5 7. exd5 Nxd5 8. a4
a6 9. Re1 Nb6 10. Bb3 Bg4 11. a5 Nd7 12. h3 Bh5 13. Nbd2 h6 14. Ne4 Ba7 15. Be3
Re8 16. Bxa7 Rxa7 17. Ba4 Ra8 18. Ng3 Bg6 19. d4 exd4 20. Bxc6 Rxe1+ 21. Qxe1
bxc6 22. Nxd4 Qf6 23. Ne4 Qe5 24. Nd2 Qd5 25. Qe2 c5 26. Qf3 Qxf3 27. N4xf3 Rb8
28. Nc4 Bd3 29. Nce5 Nxe5 30. Nxe5 Be2 31. b4 Re8 32. Nd7 cxb4 33. cxb4 Rd8 34.
Nc5 Rd4 35. Re1 Bb5 36. Re4 Rd1+ 37. Kh2 Kf8 38. h4 h5 39. Kg3 Rd2 40. Re5 g6
41. Re4 Rc2 42. Rf4 Ke7 43. Ne4 Rc4 44. Ng5 Rc3+ 45. Kh2 Be8 46. Re4+ Kf8 47.
Rf4 Kg7 48. f3 f6 49. Ne6+ Kf7 50. Nc5 Bb5 51. Ne4 Rc6 52. g4 hxg4 53. fxg4 Kg7
54. Nc5 Rd6 55. Kg3 Kf7 56. Ne4 Rc6 57. Rf2 Kg7 58. Nc5 Rd6 59. Rc2 Kf7 60. Ne4
Rd3+ 61. Kh2 Rd4 62. Rxc7+ Ke6 63. Nc5+ Kd5 64. Kg3 Rxb4 65. h5 f5 66. gxf5
gxh5 67. f6 h4+ 68. Kf3 h3 69. Kg3 h2 70. Kxh2 Rf4 71. f7 Kd6 72. Kg3 Rf1 73.
Ne4+ Kxc7 74. Nf2 Rg1+ 75. Kh2 Ra1 76. f8=Q Rxa5 77. Qc5+ Kb7 78. Ne4 Ra2+ 79.
Kg3 Bc6 80. Nd6+ Kc7 81. Ne8+ Kb7 82. Qe7+ Kb6 83. Qe3+ Kb7 84. Qb3+ 1-0

[Event "Kingston Invitational Masters"]
[Site "Kingston University"]
[Date "2023.07.24"]
[Round "4.5"]
[White "Buckley, Graeme N"]
[Black "Large, Peter G"]
[Result "0-1"]
[WhiteElo "2345"]
[BlackElo "2235"]
[PlyCount "142"]
[EventDate "2023.07.24"]
[EventType "tourn"]
[EventRounds "9"]
[EventCountry "ENG"]
[SourceTitle "BritBase"]
[Source "John Saunders"]
[SourceDate "2023.07.31"]
[SourceVersion "1"]
[SourceVersionDate "2023.07.31"]
[SourceQuality "1"]

1. e4 e5 2. Nf3 Nc6 3. Bb5 a6 4. Ba4 b5 5. Bb3 Na5 6. O-O d6 7. d4 exd4 8. Nxd4
Bb7 9. Bd2 Nxb3 10. Nxb3 Rb8 11. Na5 Ba8 12. c4 Nf6 13. cxb5 axb5 14. Nc3 Be7
15. Qe2 b4 16. Nd5 Nxd5 17. exd5 Bxd5 18. Rfe1 Qd7 19. Bg5 Be6 20. Bxe7 Kxe7
21. Qe4 Rb5 22. Nc6+ Kf8 23. Rad1 h5 24. f4 Bf5 25. Qc4 Rc5 26. Qxc5 dxc5 27.
Rxd7 Bxd7 28. Ne5 Be8 29. Nd3 Rh6 30. Nxc5 Rd6 31. Kf2 Rd4 32. g3 Bb5 33. Ke3
Rd8 34. Rc1 Re8+ 35. Kf3 Re2 36. Nd7+ Ke8 37. Ne5 Rxh2 38. Rxc7 f6 39. Nf7 Bc6+
40. Ke3 Bd7 41. Nd6+ Kd8 42. Ra7 Rxb2 43. Nb7+ Ke8 44. Nc5 Bg4 45. Kd4 Kf8 46.
Nd3 Rg2 47. Nxb4 Rxg3 48. a4 h4 49. Ra8+ Kf7 50. Rh8 g5 51. Nd5 Kg7 52. Rb8 Ra3
53. Rb7+ Kg6 54. Rb6 Rxa4+ 55. Ke3 gxf4+ 56. Nxf4+ Kg5 57. Rb5+ f5 58. Ne6+ Kf6
59. Nd4 h3 60. Rb6+ Kg5 61. Nf3+ Kh5 62. Nh2 Ra2 63. Nf1 Re2+ 64. Kd3 Rf2 65.
Nd2 Rxd2+ 66. Kxd2 h2 67. Rb8 Kh4 68. Rb1 Bf3 69. Ke3 h1=Q 70. Rxh1+ Bxh1 71.
Kf4 Be4 {(played in advance of the tournament as Peter Large was unavailable
for the morning of the 3rd day)} 0-1

[Event "Kingston Invitational Masters"]
[Site "Kingston University"]
[Date "2023.07.26"]
[Round "5.1"]
[White "Large, Peter G"]
[Black "Muir, Andrew J"]
[Result "1/2-1/2"]
[WhiteElo "2235"]
[BlackElo "2225"]
[PlyCount "115"]
[EventDate "2023.07.24"]
[EventType "tourn"]
[EventRounds "9"]
[EventCountry "ENG"]
[SourceTitle "BritBase"]
[Source "John Saunders"]
[SourceDate "2023.07.31"]
[SourceVersion "1"]
[SourceVersionDate "2023.07.31"]
[SourceQuality "1"]

1. e4 c5 2. Nc3 Nc6 3. Bb5 Nd4 4. Nf3 a6 5. Bd3 Nc6 6. e5 d5 7. exd6 exd6 8.
O-O Nf6 9. Be2 Be7 10. d4 b5 11. d5 Nb8 12. Bf4 O-O 13. h3 Nbd7 14. Nh2 Nb6 15.
Bf3 b4 16. Ne4 Nfxd5 17. Bg3 Be6 18. Re1 Qd7 19. Nf1 f5 20. Ned2 Rae8 21. a3
Bf6 22. Nc4 Nxc4 23. Rxe6 Rxe6 24. Bxd5 Bxb2 25. Ra2 bxa3 26. Bxc4 f4 27. Qd5
fxg3 28. Qxe6+ Qxe6 29. Bxe6+ Kh8 30. Nxg3 Re8 31. Bb3 Re1+ 32. Kh2 g6 33. f3
h5 34. h4 Rd1 35. Ne4 c4 36. Bxc4 d5 37. Nf2 Rd2 38. Nd3 dxc4 39. Nxb2 axb2 40.
Rxb2 Kg7 41. Ra2 a5 42. Kh3 Kf6 43. g4 hxg4+ 44. fxg4 a4 45. Kg3 a3 46. Rxa3
Rxc2 47. Ra6+ Kg7 48. Rc6 Rd2 49. Rxc4 Rd7 50. Kf4 Ra7 51. g5 Rf7+ 52. Kg4 Ra7
53. h5 gxh5+ 54. Kxh5 Rb7 55. Rf4 Rb1 56. Kg4 Rg1+ 57. Kf5 Ra1 58. Rb4 1/2-1/2